000 01395cam a22003977a 4500
003 CHAP
005 20220817043630.0
008 000307d1998 mx r 00010 spa d
010 _a80203
011 _a81175
035 _a91637
040 _cCHAP
090 _aFolleto 15490
100 0 0 _aScott, John.
_9103389
245 0 _aCriterios de asignación para la superación de la pobreza
_c/por John Scorr y Erik Bloom
260 _aMéxico, D. F. :
_bCentro de Investigación y Docencia Económica. División de Economía,
_c1998.
300 _a54 h. :
_bgráfs.
410 _aCIDE. División de Economía
490 0 _aDocumento de trabajo
_v; 73
590 _aBATCH-UPD
_b10
_c20130110
_lUCH01
_h0448
590 _aBATCH-UPD
_b10
_c20130110
_lUCH01
_h2348
590 _aBATCH-UPD
_b10
_c20130410
_lUCH01
_h0125
590 _aBATCH-UPD
_b10
_c20130410
_lUCH01
_h1635
590 _aBATCH-UPD
_b10
_c20130914
_lUCH01
_h0645
590 _aBATCH-UPD
_b10
_c20130914
_lUCH01
_h2145
590 _aCONVERSION
_b10
_c20130109
_lUCH01
_h1345
650 1 4 _aMéxico
_xCondiciones económicas.
650 1 4 _aPobreza.
_989463
700 0 _aBloom, Erik.
_913211
810 0 0 _aCIDE. División de Economía
_923094
830 0 _aDocumento de trabajo
_v; 73
_933227
901 _aBK
905 _aBlanca M. García O.
942 _cFOLL
949 _aFolleto 15490
_bBC
_cFOLL
_d916371
_eTS1
_gI. C/E
_i91637
_sb
_t$16.00
999 _c80203
_d80203